[Event "Douglas Major & Minor op"]
[Site "Douglas"]
[Date "2023.11.03"]
[Round "7"]
[White "Waddington, Mike P"]
[Black "Pert, Max P"]
[Result "0-1"]
[WhiteElo "1931"]
[BlackElo "1893"]
[PlyCount "93"]
[EventDate "2023.10.28"]
[EventType "swiss"]
[EventRounds "7"]
[EventCountry "IOM"]
[SourceTitle "CB46_2023"]
[SourceDate "2023.11.15"]
[SourceVersion "1"]
[SourceVersionDate "2023.11.15"]
[SourceQuality "1"]

1. e4 c5 2. Nf3 d6 3. d3 Nc6 4. g3 g6 5. Bg2 Bg7 6. 0-0 e5 7. c3 Nge7 8. Na3 0-0 9. Ng5 h6 10. Nh3 Kh7 11. f4 f5 12. Nc2 Be6 13. Ne3 Qd7 14. Nf2 exf4 15. gxf4 fxe4 16. Nxe4 Rae8 17. Qe1 Nf5 18. Nxf5 Rxf5 19. Qg3 Ne7 20. Bd2 Rff8 21. a4 b6 22. Qh4 Nf5 23. Qf2 Bb3 24. Be1 d5 25. Ng3 Ne3 26. a5 Nxf1 27. Bxf1 Be5 28. Bd2 Bg7 29. d4 c4 30. Bg2 Bc2 31. axb6 axb6 32. Qf3 Be4 33. Nxe4 Rxe4 34. Bh3 Qe7 35. f5 Re2 36. Bf4 Re1+ 37. Rxe1 Qxe1+ 38. Kg2 Qe4 39. Qxe4 dxe4 40. fxg6+ Kxg6 41. Kg3 Bf6 42. Be6 Bh4+ 43. Kxh4 Rxf4+ 44. Kg3 Rf3+ 45. Kg2 b5 46. Bd7 b4 47. cxb4 0-1

[Event "Douglas Major & Minor op"]
[Site "Douglas"]
[Date "2023.10.28"]
[Round "1"]
[White "Pert, Max P"]
[Black "Armstrong, Chris"]
[Result "1-0"]
[WhiteElo "1893"]
[BlackElo "1485"]
[PlyCount "53"]
[EventDate "2023.10.28"]
[EventType "swiss"]
[EventRounds "7"]
[EventCountry "IOM"]
[SourceTitle "CB46_2023"]
[SourceDate "2023.11.15"]
[SourceVersion "1"]
[SourceVersionDate "2023.11.15"]
[SourceQuality "1"]

1. e4 e6 2. d4 d5 3. Nc3 Bb4 4. e5 c5 5. a3 Bxc3+ 6. bxc3 Ne7 7. h4 Nbc6 8. Nf3 Qc7 9. Bd3 cxd4 10. 0-0 dxc3 11. Re1 Ng6 12. Qe2 Bd7 13. Rb1 0-0-0 14. h5 Nf8 15. a4 Na5 16. Ba3 Nc4 17. Bb4 Nb2 18. Qe3 a6 19. Bd6 Qa5 20. Ng5 Be8 21. Qa7 Rxd6 22. Qa8+ Kd7 23. exd6 Qb6 24. Qb8 f6 25. Bxa6 fxg5 26. Bb5+ Qxb5 27. Qc7# 1-0

[Event "ENG-ch Chessable"]
[Site "Kenilworth"]
[Date "2023.05.28"]
[Round "5"]
[White "Pert, Max P"]
[Black "Green, Michael"]
[Result "1-0"]
[WhiteElo "1848"]
[BlackElo "1917"]
[PlyCount "85"]
[EventDate "2023.05.26"]
[EventType "swiss"]
[EventRounds "7"]
[EventCountry "ENG"]
[SourceTitle "CBM 214 Extra"]
[Source "ChessBase"]
[SourceDate "2023.07.31"]
[SourceVersion "1"]
[SourceVersionDate "2023.07.31"]
[SourceQuality "1"]

1. d4 g6 2. e4 Bg7 3. c4 c6 4. Nc3 d6 5. Nf3 Bg4 6. Be3 Nd7 7. Be2 h5 8. h3 Bxf3 9. Bxf3 a6 10. 0-0 e5 11. d5 c5 12. Rb1 Bh6 13. Bxh6 Nxh6 14. b4 b6 15. bxc5 Nxc5 16. Na4 Nd7 17. Rb4 0-0 18. Qd2 Kg7 19. Rfb1 b5 20. cxb5 axb5 21. Nc3 Nc5 22. Rxb5 f5 23. exf5 Nxf5 24. Ne4 Nd4 25. Nxc5 Rxf3 26. Qxd4 exd4 27. Ne6+ Kf6 28. Nxd8 Rc3 29. Nc6 d3 30. R5b3 Rc2 31. Rxd3 Raxa2 32. Rf3+ Kg5 33. Nd4 Rd2 34. Ne6+ Kh6 35. Rb7 Ra8 36. Rff7 Rh8 37. h4 Rxd5 38. Ng5 Rxg5 39. hxg5+ Kxg5 40. Rfd7 Kh4 41. Rxd6 g5 42. Rd5 Rh6 43. Kh2 1-0

[Event "ENG-ch Chessable"]
[Site "Kenilworth"]
[Date "2023.05.26"]
[Round "1"]
[White "Pert, Max P"]
[Black "Eggleston, David"]
[Result "0-1"]
[WhiteElo "1848"]
[BlackElo "2353"]
[PlyCount "88"]
[EventDate "2023.05.26"]
[EventType "swiss"]
[EventRounds "7"]
[EventCountry "ENG"]
[SourceTitle "CBM 214 Extra"]
[Source "ChessBase"]
[SourceDate "2023.07.31"]
[SourceVersion "1"]
[SourceVersionDate "2023.07.31"]
[SourceQuality "1"]

1. d4 e6 2. c4 Nf6 3. Nf3 Bb4+ 4. Bd2 Bxd2+ 5. Qxd2 b6 6. Nc3 Bb7 7. g3 0-0 8. Bg2 d5 9. Ne5 Nbd7 10. 0-0 Qe7 11. Rfd1 Rad8 12. Qc2 c5 13. e3 cxd4 14. exd4 Nb8 15. Qa4 a6 16. Qb3 dxc4 17. Qxb6 Bxg2 18. Kxg2 Rc8 19. Rac1 Rfd8 20. Na4 Nd5 21. Qa5 Qb7 22. Kg1 Nc6 23. Nxc6 Qxc6 24. Nc5 Qb5 25. Qxb5 axb5 26. a4 Rb8 27. Rd2 bxa4 28. Rxc4 Nb6 29. Rb4 Nd7 30. Rxb8 Nxb8 31. Rc2 Rxd4 32. Nxa4 Nd7 33. Rc8+ Nf8 34. Nc5 g5 35. b4 Kg7 36. b5 Rb4 37. Rb8 Ng6 38. b6 Ne5 39. f4 gxf4 40. b7 Rb1+ 41. Kf2 Rb2+ 42. Kf1 f3 43. Rd8 Ng4 44. Nd3 Rb1+ 0-1

[Event "Cambridge op"]
[Site "Cambridge"]
[Date "2023.02.19"]
[Round "9"]
[White "Pert, Max P"]
[Black "Golsta, Ramona"]
[Result "1-0"]
[WhiteElo "1793"]
[BlackElo "1777"]
[PlyCount "75"]
[EventDate "2023.02.15"]
[EventType "swiss"]
[EventRounds "9"]
[EventCountry "ENG"]
[SourceTitle "CBM 212 Extra"]
[Source "ChessBase"]
[SourceDate "2023.03.31"]
[SourceVersion "1"]
[SourceVersionDate "2023.03.31"]
[SourceQuality "1"]

1. d4 g6 2. g3 Bg7 3. Bg2 Nf6 4. Nf3 0-0 5. 0-0 d5 6. Nbd2 b6 7. c4 Bb7 8. Qc2 Na6 9. Rd1 Rc8 10. c5 bxc5 11. dxc5 c6 12. Rb1 Nd7 13. b4 e5 14. e3 f5 15. a4 f4 16. exf4 exf4 17. Ba3 Ne5 18. Nxe5 Bxe5 19. Nc4 Bg7 20. Nd6 Ba8 21. Nxc8 Qxc8 22. b5 Nc7 23. b6 Ne8 24. Qe2 a6 25. Re1 fxg3 26. fxg3 Nf6 27. Qe6+ Qxe6 28. Rxe6 Kf7 29. b7 Bxb7 30. Rxf6+ Bxf6 31. Rxb7+ Ke6 32. Rc7 Bd4+ 33. Kh1 Rf2 34. Rxc6+ Ke5 35. Bh3 Ke4 36. Re6+ Kf3 37. Re1 Ra2 38. c6 1-0

[Event "ENG-ch Schools Final"]
[Site "Staffordshire"]
[Date "2022.07.01"]
[Round "4.2"]
[White "Pert, Max P"]
[Black "Erez, Uri"]
[Result "1-0"]
[WhiteElo "1674"]
[BlackElo "1785"]
[PlyCount "104"]
[EventDate "2022.06.30"]
[EventType "swiss"]
[EventRounds "5"]
[EventCountry "ENG"]
[SourceTitle "EXT 2023"]
[Source "ChessBase"]
[SourceDate "2022.10.05"]
[SourceVersion "1"]
[SourceVersionDate "2022.10.05"]
[SourceQuality "1"]

1. d4 d5 2. Nf3 Nf6 3. c4 c6 4. Nc3 e6 5. Bg5 Nbd7 6. e3 Qa5 7. Nd2 Bb4 8. Rc1 0-0 9. a3 Bd6 10. Bxf6 Nxf6 11. cxd5 exd5 12. Bd3 Re8 13. 0-0 Bg4 14. Qc2 Bh5 15. h3 Bg6 16. Bxg6 hxg6 17. Nb3 Qd8 18. Na4 Ne4 19. Nac5 Qe7 20. Nxe4 dxe4 21. Nd2 Rac8 22. b4 f5 23. Nc4 Bb8 24. Qb3 Kh8 25. Rfd1 Qg5 26. Nd2 f4 27. Nf1 f3 28. g3 Qh6 29. Kh2 Rcd8 30. Qf7 Rf8 31. Qxb7 Rd5 32. Rc5 g5 33. Rxd5 g4 34. h4 Qxh4+ 35. Kg1 Qh3 36. Rh5+ Qxh5 37. Qe7 Rf6 38. Nh2 Rh6 39. Qh4 Qb5 40. Qxg4 Qe2 41. Qc8+ Kh7 42. Qf5+ Kg8 43. Qc8+ Kf7 44. Qd7+ Kg6 45. Qxc6+ Bd6 46. Qxe4+ Kg5 47. Qg4+ Kf6 48. Qxf3+ Qxf3 49. Nxf3 Rh8 50. Rc1 Ke6 51. Ng5+ Kd7 52. Nf7 Rh6 1-0

[Event "ENG-ch Schools Final"]
[Site "Staffordshire"]
[Date "2022.06.30"]
[Round "1.2"]
[White "Pert, Max P"]
[Black "Gogia, Armaan"]
[Result "0-1"]
[WhiteElo "1674"]
[BlackElo "1937"]
[PlyCount "86"]
[EventDate "2022.06.30"]
[EventType "swiss"]
[EventRounds "5"]
[EventCountry "ENG"]
[SourceTitle "EXT 2023"]
[Source "ChessBase"]
[SourceDate "2022.10.05"]
[SourceVersion "1"]
[SourceVersionDate "2022.10.05"]
[SourceQuality "1"]

1. d4 Nf6 2. Bg5 c5 3. Bxf6 gxf6 4. d5 Qb6 5. Nd2 d6 6. e4 f5 7. Nc4 Qc7 8. exf5 Bxf5 9. Ne3 Bg6 10. Qd2 Nd7 11. Nf3 Bg7 12. c3 Nf6 13. Bb5+ Kf8 14. Bd3 b5 15. Bxg6 hxg6 16. 0-0 Rb8 17. Rfe1 b4 18. c4 Qd7 19. Qc2 Nh5 20. Nf1 a5 21. Rab1 a4 22. a3 Nf4 23. Re4 b3 24. Qd2 Nxg2 25. Qg5 Qf5 26. Qxe7+ Kg8 27. Kxg2 Qh3+ 28. Kg1 Qxf3 29. Rbe1 Be5 30. Rxe5 dxe5 31. Qxc5 Qg4+ 32. Ng3 Rc8 33. Qe7 Qh4 34. Qxh4 Rxh4 35. Rxe5 Rcxc4 36. Ne2 Rhe4 37. Rxe4 Rxe4 38. Nc3 Rc4 39. Nb5 Rc5 40. Nd4 Rxd5 41. Ne2 Rd2 42. Nc3 Rxb2 43. Nxa4 Ra2 0-1

[Event "ENG-ch U12"]
[Site "Milton Keynes"]
[Date "2021.10.02"]
[Round "3"]
[White "Hobson, Kenneth"]
[Black "Pert, Max P"]
[Result "1-0"]
[WhiteElo "1358"]
[BlackElo "1485"]
[PlyCount "83"]
[EventDate "2021.10.02"]
[EventType "swiss"]
[EventRounds "5"]
[EventCountry "ENG"]
[SourceTitle "EXT 2023"]
[Source "ChessBase"]
[SourceDate "2022.10.05"]
[SourceVersion "1"]
[SourceVersionDate "2022.10.05"]
[SourceQuality "1"]

1. e4 c6 2. d4 d5 3. exd5 cxd5 4. Bd3 Nc6 5. Nf3 Qc7 6. h3 e6 7. c3 Bd6 8. 0-0 Bd7 9. Re1 h6 10. Qe2 Nf6 11. Nbd2 Nh5 12. Nf1 Nf4 13. Bxf4 Bxf4 14. Ne5 Nxe5 15. dxe5 Bg5 16. Qg4 0-0 17. f4 Be7 18. Ng3 Be8 19. f5 Bc5+ 20. Kh1 Kh8 21. Nh5 Rg8 22. fxe6 fxe6 23. Nf4 g5 24. Nxe6 Qe7 25. Nxc5 Qxc5 26. Rf1 Bg6 27. Qe6 Qc6 28. Qxc6 bxc6 29. Bxg6 Rxg6 30. Rf7 Re6 31. Re1 Rae8 32. Rxa7 Rxe5 33. Rxe5 Rxe5 34. Rc7 Re6 35. a4 h5 36. a5 g4 37. hxg4 hxg4 38. Kh2 Re3 39. a6 g3+ 40. Kh3 Re1 41. a7 Re8 42. Rb7 1-0

[Event "ENG-ch U12"]
[Site "Milton Keynes"]
[Date "2021.10.02"]
[Round "2"]
[White "Pert, Max P"]
[Black "Subramanian, Anusha"]
[Result "1-0"]
[WhiteElo "1485"]
[BlackElo "1623"]
[PlyCount "107"]
[EventDate "2021.10.02"]
[EventType "swiss"]
[EventRounds "5"]
[EventCountry "ENG"]
[SourceTitle "EXT 2023"]
[Source "ChessBase"]
[SourceDate "2022.10.05"]
[SourceVersion "1"]
[SourceVersionDate "2022.10.05"]
[SourceQuality "1"]

1. e4 c6 2. c4 d5 3. exd5 cxd5 4. cxd5 Nf6 5. Nc3 Nxd5 6. Nf3 Nxc3 7. bxc3 Bf5 8. d4 a6 9. Bd3 Bxd3 10. Qxd3 e6 11. 0-0 Be7 12. Rb1 Qc7 13. Qe4 Nc6 14. Bf4 Bd6 15. Bxd6 Qxd6 16. Rxb7 Rc8 17. Rb6 Qc7 18. Rfb1 0-0 19. Ng5 g6 20. Qh4 h5 21. Ne4 Rb8 22. Rxb8 Rxb8 23. Rf1 Na7 24. Qg5 Kg7 25. Nf6 Rh8 26. Ne4 Rb8 27. f4 Nb5 28. Qe5+ Qxe5 29. fxe5 Rc8 30. Rf3 Rc4 31. h4 a5 32. Kf2 Na7 33. Nd6 Ra4 34. Rxf7+ Kg8 35. Rxa7 Rxa2+ 36. Kg3 a4 37. Nc4 Rc2 38. Rxa4 Rxc3+ 39. Kf4 Rc2 40. Kg5 Rxg2+ 41. Kf6 Rg4 42. Kxe6 Rxh4 43. d5 Rd4 44. d6 h4 45. d7 h3 46. Nd6 Rxa4 47. d8Q+ Kg7 48. Qf6+ Kh7 49. Qf7+ Kh6 50. Qf8+ Kh7 51. Nf7 Ra6+ 52. Kd5 Ra5+ 53. Kc6 Ra8 54. Ng5# 1-0